000 00342nam a2200145Ia 4500
008 151213s9999 xx 000 0 und d
100 _aPro. A. . Khan
245 _aBangladesh Labour Industrial Law
_cPro. A. . Khan
260 _aDhaka
300 _a2187 p.
650 _aLaw
650 _aLaw
700 _aPro. A. . Khan
999 _c1598
_d1598